Manolo / (Registro nro. 7914)

Detalles MARC
000 -LIDER
fixed length control field 00691nam a2200229 u 4500
001 - NÚMERO DE CONTROL
Identificador de número de control 000020248
003 - IDENTIFICACDOR DE NÚMERO DE CONTROL
control field DO-SdBNP
005 - DATE AND TIME OF LATEST TRANSACTION
control field 20150720111624.0
008 - ELEMENTOS DE LONGITUD FIJA
fixed length control field 100802s2009 dr r 000 0 spa d
040 ## - FUENTE DE CATALOGACIÓN
Agencia que crea de manera original el registro BPJMB
Idioma de catalogación spa
Agencia que realiza la transcripción BPJMB
092 ## - LOCALLY ASSIGNED DEWEY DECIMAL CALL NUMBER
Número de clasificación RD863.44
Número de ítem (Cutter) D611m
100 1# - ASIENTO PRINCIPAL -- NOMBRE PERSONAL
Nombre personal Disla, Edwin
245 10 - MENCIÓN DE TITULO
Título Manolo /
Mención de responsabilidad Edwin Disla.
260 ## - PUBLICACIÓN, DISTRIBUCIÓN, ETC. (PIE DE IMPRENTA)
Lugar de publicación, distribución, etc Santo Domingo :
Nombre del editor, distribuidor, etc. Secretaría de Estado de Cultura,
Fecha de publicación, distribución, etc 2009.
300 ## - DESCRIPCIÓN FÍSICA
Extensión 613 p. ;
Dimensiones 23 cm.
586 ## - AWARDS NOTE
Awards note Premio Nacional de novela Manuel de Jesús Galván 2007
650 #4 - ENCABEZAMIENTO DE MATERIA--TEMÁTICO
Término temático o nombre geográfico como elemento de entrada NOVELA DOMINICANA
650 #4 - ENCABEZAMIENTO DE MATERIA--TEMÁTICO
Término temático o nombre geográfico como elemento de entrada LITERATURA DOMINICANA
942 ## - ADDED ENTRY ELEMENTS (KOHA)
Source of classification or shelving scheme Dewey Decimal Classification
Koha item type Libros
956 ## - LOCAL ELECTRONIC LOCATION AND ACCESS (OCLC)
Nombre de host MMOLINA
Número de acceso 10
Información de compresión 20100802
Inicio de sesión BND02
Procesador de solicitud 1425
956 ## - LOCAL ELECTRONIC LOCATION AND ACCESS (OCLC)
Nombre de host TMEREDITH
Número de acceso 20
Información de compresión 20140716
Inicio de sesión BND01
Procesador de solicitud 1143
Existencias
Withdrawn status Lost status Source of classification or shelving scheme Damaged status Not for loan Collection code Home library Current library Date acquired Total Checkouts Barcode Date last seen Price effective from Koha item type
    Dewey Decimal Classification       Biblioteca Pública Rafael Maria Baralt Biblioteca Pública Rafael Maria Baralt 07/20/2015   BPRMB15070256 07/20/2015 07/20/2015 Libros